Nuclear Logics (Record no. 1101429)

MARC details
000 -LEADER
fixed length control field 00813nam a2200253Ia 4500
003 - CONTROL NUMBER IDENTIFIER
control field OSt
005 - DATE AND TIME OF LATEST TRANSACTION
control field 20221006153805.0
008 - FIXED-LENGTH DATA ELEMENTS--GENERAL INFORMATION
fixed length control field 221006b |||||||| |||| 00| 0 eng d
020 ## - INTERNATIONAL STANDARD BOOK NUMBER
International Standard Book Number 9780691134680
037 ## - SOURCE OF ACQUISITION
Terms of availability Annuals, Advances
040 ## - CATALOGING SOURCE
Original cataloging agency EASL
Transcribing agency EASL
Language of cataloging eng
041 ## - LANGUAGE CODE
Source of code eng
Language code of text/sound track or separate title eng
100 ## - MAIN ENTRY--PERSONAL NAME
Personal name SOLINGEN Etel Au.
9 (RLIN) 665437
245 #0 - TITLE STATEMENT
Title Nuclear Logics
Remainder of title Contrasting Paths in East Asia and the Middle East
260 ## - PUBLICATION, DISTRIBUTION, ETC.
Place of publication, distribution, etc. Princeton
Name of publisher, distributor, etc. Princeton University Press
Date of publication, distribution, etc. 2007
300 ## - PHYSICAL DESCRIPTION
Extent 406p.
Dimensions cm.
490 ## - SERIES STATEMENT
Volume/sequential designation Oth
Series statement Princeton studies in international history and politics
942 ## - ADDED ENTRY ELEMENTS (KOHA)
Classification part V49B0tD:19(zP).P06, P7
Koha item type Reference
Source of classification or shelving scheme Colon Classification (CC)
Holdings
Withdrawn status Lost status Source of classification or shelving scheme Damaged status Not for loan Home library Current library Date acquired Serial Enumeration / chronology Total Checkouts Full call number Barcode Date last seen Price effective from Koha item type
    Colon Classification (CC)     Department of East Asian Studies Library Department of East Asian Studies Library 2022-10-06 Oth   V49B0tD:19(zP).P06 P7 EA1393737 2022-10-06 2022-10-06 Reference
Copyright @ Delhi University Library System